| 000 | 01167cam a2200373 a 4500 | ||
|---|---|---|---|
| 001 | 5574 | ||
| 003 | FISKH | ||
| 005 | 20241218141850.0 | ||
| 008 | 110310s2011 nyua b 000 1 eng | ||
| 010 | _a 2011005795 | ||
| 020 | _a9781442436121 | ||
| 020 | _a9781442422933 | ||
| 020 | _a9781442422933 (pbk. : alk. paper) | ||
| 020 | _a1442422939 (pbk. : alk. paper) | ||
| 020 | _a9781442435162 (ebook) | ||
| 040 |
_aDLC _cDLC _dDLC _beng |
||
| 050 | _aPZ7.M478752 | ||
| 082 | _a813.6 | ||
| 100 | 1 | _aMcMahon, Kara. | |
| 245 | 1 | 0 |
_aFriday the scaredy cat / _cby Kara McMahon ; illustrated by Maddy McClellan. |
| 260 |
_aNew York : _bSimon Spotlight, _c2011. |
||
| 300 |
_a22 unnumbered pages : _bcolor illustrations ; _c23 cm |
||
| 490 | 0 | _aReady-to-read. Level one | |
| 505 | _aG | ||
| 520 | _aFriday, an almost all black cat, is afraid of many things, despite his four big fangs. | ||
| 521 | 8 |
_a400
_bLexile |
|
| 521 | 8 |
_aG
_bRaz-Plus |
|
| 650 | 1 |
_aCats _vFiction. |
|
| 650 | 1 |
_aFear _vFiction. |
|
| 700 | 1 |
_aMcClellan, Maddy, _eillustrator |
|
| 906 |
_a7 _bcbc _corignew _d1 _eecip _f20 _gy-gencatlg |
||
| 942 |
_2ddc _cBK _n0 |
||
| 999 |
_c5574 _d5574 |
||